MALORY TOWERS : (Record no. 183259)
[ view plain ]
| 000 -LEADER | |
|---|---|
| fixed length control field | 00862nam a2200277 i 4500 |
| 003 - CONTROL NUMBER IDENTIFIER | |
| control field | OSt |
| 005 - DATE AND TIME OF LATEST TRANSACTION | |
| control field | 20210407152313.0 |
| 008 - FIXED-LENGTH DATA ELEMENTS--GENERAL INFORMATION | |
| fixed length control field | 210406t2017 -uk j 000 1 eng d |
| 020 ## - INTERNATIONAL STANDARD BOOK NUMBER | |
| International Standard Book Number | 9781444957228 |
| Terms of availability | RM41.69 |
| Qualifying information | paperback |
| 040 ## - CATALOGING SOURCE | |
| Original cataloging agency | PPAK |
| Language of cataloging | eng |
| Transcribing agency | PPAK |
| Description conventions | rda |
| 082 04 - DEWEY DECIMAL CLASSIFICATION NUMBER | |
| Edition number | 23 |
| Classification number | 823.92 |
| 090 00 - LOCALLY ASSIGNED LC-TYPE CALL NUMBER (OCLC); LOCAL CALL NUMBER (RLIN) | |
| Classification number (OCLC) (R) ; Classification number, CALL (RLIN) (NR) | 823.92 |
| Feature heading | DHA |
| Feature heading | K |
| 100 1# - MAIN ENTRY--PERSONAL NAME | |
| Personal name | Dhami, Narinder, |
| Relator term | author. |
| 245 10 - TITLE STATEMENT | |
| Title | MALORY TOWERS : |
| Remainder of title | DARREL AND FRIENDS / |
| Statement of responsibility, etc. | Written by Narinder Dhami. |
| 264 #1 - PRODUCTION, PUBLICATION, DISTRIBUTION, MANUFACTURE, AND COPYRIGHT NOTICE | |
| Place of production, publication, distribution, manufacture | London : |
| Name of producer, publisher, distributor, manufacturer | Hodder Children's Books, |
| Date of production, publication, distribution, manufacture, or copyright notice | 2020. |
| Date of production, publication, distribution, manufacture, or copyright notice | © 2020 |
| 300 ## - PHYSICAL DESCRIPTION | |
| Extent | 348 pages ; |
| Dimensions | 20 cm |
| 336 ## - CONTENT TYPE | |
| Source | rdacontent |
| Content type term | text |
| 337 ## - MEDIA TYPE | |
| Source | rdamedia |
| Media type term | unmediated |
| 338 ## - CARRIER TYPE | |
| Source | rdacarrier |
| Carrier type term | volume |
| 500 ## - GENERAL NOTE | |
| Materials specified | TV tie-in. |
| 650 10 - SUBJECT ADDED ENTRY--TOPICAL TERM | |
| Topical term or geographic name entry element | Malory Towers (Imaginary organization) |
| Form subdivision | Juvenile fiction. |
| Topical term or geographic name entry element | Boarding schools |
| Form subdivision | Juvenile fiction. |
| 655 #0 - INDEX TERM--GENRE/FORM | |
| Genre/form data or focus term | Children's stories. |
| 942 ## - ADDED ENTRY ELEMENTS (KOHA) | |
| Source of classification or shelving scheme | Dewey Decimal Classification |
| Koha item type | Book |
| Withdrawn | Not for loan | Current library | Shelving location | Date acquired | Total Checkouts | Total Renewals | Full call number | Barcode | Date last seen | Date last checked out | Koha item type |
|---|---|---|---|---|---|---|---|---|---|---|---|
| Perpustakaan Alor Setar | Pinjaman Kanak-kanak | 15/04/2021 | 6 | 1 | K 823.92 DHA | A01686594 | 12/03/2026 | 05/02/2026 | Book | ||
| Perpustakaan Awam Sungai Petani | Pinjaman Kanak-kanak | 15/04/2021 | 6 | K 823.92 DHA | A01686595 | 24/02/2026 | 24/01/2026 | Book | |||
| Perpustakaan Baling | Pinjaman Kanak-kanak | 15/04/2021 | K 823.92 DHA | A01686599 | 15/04/2021 | Book | |||||
| Perpustakaan Bandar Baharu | Pinjaman Kanak-kanak | 15/04/2021 | K 823.92 DHA | A01686600 | 15/04/2021 | Book | |||||
| Perpustakaan Jitra | Pinjaman Kanak-kanak | 15/04/2021 | 6 | 1 | K 823.92 DHA | A01686596 | 15/11/2025 | 27/09/2025 | Book | ||
| Perpustakaan Kuala Nerang | Pinjaman Kanak-kanak | 15/04/2021 | K 823.92 DHA | A01686604 | 15/04/2021 | Book | |||||
| Perpustakaan Kulim | Pinjaman Kanak-kanak | 15/04/2021 | 2 | K 823.92 DHA | A01686598 | 12/06/2024 | 21/05/2024 | Book | |||
| Perpustakaan Langkawi | Pinjaman Kanak-kanak | 15/04/2021 | 2 | K 823.92 DHA | A01686597 | 04/02/2024 | 24/01/2024 | Book | |||
| Perpustakaan Merbok | Pinjaman Kanak-kanak | 15/04/2021 | K 823.92 DHA | A01686601 | 15/04/2021 | Book | |||||
| Perpustakaan Pendang | Pinjaman Kanak-kanak | 15/04/2021 | K 823.92 DHA | A01686605 | 15/04/2021 | Book | |||||
| Perpustakaan Sik | Pinjaman Kanak-kanak | 15/04/2021 | K 823.92 DHA | A01686603 | 15/04/2021 | Book |